000 004560000a22001570004500
003 LK-CoMWRAF
008 230817t ||||| |||| 00| 0 eng d
040 _aLK-CoMWRAF
_dLK-CoMWRAF
_eLK-CoMWRAF
041 _aeng
082 _a441
_bZAI
100 _aZain, Rauff
245 _aSamagala Muslim Ulagu
_bWidudalai Poaraattagalin Waralaattrup Padai
260 _bSamuuga Winghanangalukkana Iprukaldun Aaiwagal
_aSri Lanka
_c2005
300 _ap.77
942 _cBK
999 _c1088
_d1088